000 00511nam a22002057a 4500
003 Nust
005 20211005145405.0
008 170116b xxu||||| |||| 00| 0 eng d
020 _a9788131509272
038 _aKhadija
040 _cc
082 _a620.112
_bGER
100 _aGere, James M.
_92985
245 _aStrength of Materials /
_cJames M. Gere, Barry J. Goodno
260 _aAustralia:
_bcengaga;
_c2009.
300 _a794 p. ;
_c24 cm.
500 _apaperback.
563 _aPB
942 _cBK
_2ddc
999 _c32016
_d32016